[Event "EU Union-ch U14 19th"]
[Site "Mureck"]
[Date "2022.08.05"]
[Round "3"]
[White "Ortiz Bogdanov, Pablo"]
[Black "Neuhoff, Laertes"]
[Result "1/2-1/2"]
[WhiteElo "1302"]
[BlackElo "1997"]
[PlyCount "60"]
[EventDate "2022.08.03"]
[EventType "swiss"]
[EventRounds "9"]
[EventCountry "AUT"]
[SourceTitle "EXT 2023"]
[Source "ChessBase"]
[SourceDate "2022.10.05"]
[SourceVersion "1"]
[SourceVersionDate "2022.10.05"]
[SourceQuality "1"]

1. e4 e5 2. Nc3 Nf6 3. Bc4 Bc5 4. d3 c6 5. Nf3 d6 6. h3 a5 7. a4 0-0 8. 0-0 h6 9. Be3 Nbd7 10. Re1 Re8 11. d4 exd4 12. Bxd4 Bxd4 13. Qxd4 Ne5 14. Nxe5 dxe5 15. Qxd8 Rxd8 16. Rad1 Be6 17. Bxe6 fxe6 18. b3 Kf7 19. g3 Ke7 20. Kg2 g5 21. f3 Rg8 22. Nb1 h5 23. g4 h4 24. Na3 Nd7 25. Rd2 Nb6 26. Kf2 Rgd8 27. Red1 Rxd2+ 28. Rxd2 Rf8 29. Ke3 Rf7 30. Rd3 Rf8 1/2-1/2

[Event "World Cup U14 Prel"]
[Site "Tornelo INT"]
[Date "2021.08.11"]
[Round "7"]
[White "Laksiri, AA Kavishka Gimshan"]
[Black "Ortiz Bogdanov, Pablo"]
[Result "0-1"]
[WhiteElo "1387"]
[BlackElo "1144"]
[PlyCount "80"]
[EventDate "2021.08.11"]
[EventType "swiss (rapid)"]
[EventRounds "10"]
[EventCountry "NET"]
[SourceTitle "EXT 2025"]
[Source "ChessBase"]
[SourceDate "2024.10.14"]
[SourceVersion "1"]
[SourceVersionDate "2024.10.14"]
[SourceQuality "1"]

1. d4 d5 2. Nf3 Nc6 3. Bf4 Bg4 4. e3 f6 5. Be2 e5 6. dxe5 Bxf3 7. Bxf3 fxe5 8. Bg3 e4 9. Be2 Nf6 10. c3 Bd6 11. Qb3 Bxg3 12. hxg3 0-0 13. Qxb7 Qd6 14. Qb3 Rab8 15. Qc2 Ne5 16. Nd2 h6 17. 0-0 Nfg4 18. Qd1 Qe6 19. Bxg4 Nxg4 20. c4 Qf5 21. f3 Nxe3 22. Qe2 Nxf1 23. Rxf1 Rxb2 24. fxe4 Qxf1+ 25. Qxf1 Rxf1+ 26. Nxf1 dxc4 27. Ne3 c3 28. e5 c2 29. Nxc2 Rxc2 30. e6 Kf8 31. e7+ Kxe7 32. Kh2 Rxa2 33. Kh3 c5 34. Kh2 c4 35. Kh3 c3 36. g4 c2 37. g5 c1Q 38. g6 Qe3+ 39. Kg4 Ra4+ 40. Kf5 Qc5# 0-1

[Event "World Cup U14 Prel"]
[Site "Tornelo INT"]
[Date "2021.08.11"]
[Round "8"]
[White "Ortiz Bogdanov, Pablo"]
[Black "Ofile, Masilo"]
[Result "1-0"]
[WhiteElo "1144"]
[BlackElo "1506"]
[PlyCount "89"]
[EventDate "2021.08.11"]
[EventType "swiss (rapid)"]
[EventRounds "10"]
[EventCountry "NET"]
[SourceTitle "EXT 2025"]
[Source "ChessBase"]
[SourceDate "2024.10.14"]
[SourceVersion "1"]
[SourceVersionDate "2024.10.14"]
[SourceQuality "1"]

1. e4 c5 2. Nf3 d6 3. c3 Nf6 4. Bd3 Bg4 5. Bc2 Nc6 6. h3 Bxf3 7. Qxf3 e6 8. 0-0 Be7 9. d3 0-0 10. Be3 Re8 11. Nd2 b5 12. d4 cxd4 13. cxd4 Rc8 14. Rac1 d5 15. e5 Nd7 16. Qh5 g6 17. Qg4 Nb6 18. Nf3 Nc4 19. Bg5 Bxg5 20. Nxg5 Nxb2 21. Qh4 h5 22. Qf4 Qe7 23. Nf3 Nc4 24. Qh6 Qf8 25. Qg5 Qe7 26. Qh6 Qf8 27. Qg5 Qg7 28. Rfd1 a5 29. Nh4 Ne7 30. f4 Rc7 31. Kf2 Rec8 32. g4 hxg4 33. hxg4 Na3 34. Bd3 Rxc1 35. Rxc1 Rxc1 36. Qxe7 b4 37. Qe8+ Kh7 38. Nf3 Qg8 39. Ng5+ Kg7 40. Qe7 Rc8 41. Bxg6 Qd8 42. Nxe6+ Kxg6 43. f5+ Kh7 44. Qxf7+ Kh6 45. Qg7# 1-0

[Event "World Cup U14 Prel"]
[Site "Tornelo INT"]
[Date "2021.08.11"]
[Round "3"]
[White "Willder, Matthew"]
[Black "Ortiz Bogdanov, Pablo"]
[Result "0-1"]
[WhiteElo "1555"]
[BlackElo "1144"]
[PlyCount "108"]
[EventDate "2021.08.11"]
[EventType "swiss (rapid)"]
[EventRounds "10"]
[EventCountry "NET"]
[SourceTitle "EXT 2025"]
[Source "ChessBase"]
[SourceDate "2024.10.14"]
[SourceVersion "1"]
[SourceVersionDate "2024.10.14"]
[SourceQuality "1"]

1. e4 e5 2. Nf3 Nf6 3. Nxe5 Nc6 4. Nxc6 dxc6 5. Nc3 Bc5 6. Bc4 Ng4 7. Qf3 0-0 8. 0-0 Kh8 9. h3 Ne5 10. Qe2 Qh4 11. d3 Bxh3 12. gxh3 Qxh3 13. b4 Bd4 14. Be3 Ng4 15. Qxg4 Qxg4+ 16. Kh2 Bxc3 17. Rab1 Qh4+ 18. Kg2 f5 19. Rh1 Qg4+ 20. Kh2 f4 21. Rbg1 Qh4+ 22. Kg2 Qxh1+ 23. Rxh1 fxe3 24. fxe3 g6 25. d4 Bxb4 26. Bd3 Kg7 27. e5 Rae8 28. Rb1 Ba5 29. Rxb7 Bb6 30. a4 a5 31. c4 Rb8 32. Rxb8 Rxb8 33. c5 Ba7 34. Kf2 Rb2+ 35. Kf3 Rb4 36. e6 Kf6 37. Ke4 Kxe6 38. Be2 Rxa4 39. Bg4+ Kf6 40. Bd7 Bxc5 41. Bxc6 Rc4 42. Kd5 Rc3 43. dxc5 Rxe3 44. Kd4 Re6 45. Bd5 Re5 46. c6 Rxd5+ 47. Kxd5 h5 48. Kc5 h4 49. Kb5 h3 50. Kxa5 h2 51. Ka6 h1Q 52. Kb7 Qb1+ 53. Kxc7 Ke6 54. Kd8 Qb8# 0-1

[Event "EU-ch Online U14"]
[Site "Tornelo INT"]
[Date "2020.09.20"]
[Round "9"]
[White "Djurovic, Peko"]
[Black "Ortiz Bogdanov, Pablo"]
[Result "1-0"]
[WhiteElo "1938"]
[BlackElo "1023"]
[PlyCount "83"]
[EventDate "2020.09.18"]
[EventType "swiss (rapid)"]
[EventRounds "9"]
[EventCountry "ENG"]
[SourceTitle "EXT 2023"]
[Source "ChessBase"]
[SourceDate "2022.10.05"]
[SourceVersion "1"]
[SourceVersionDate "2022.10.05"]
[SourceQuality "1"]
[WhiteTeam "Montenegro"]
[BlackTeam "Luxembourg"]
[WhiteTeamCountry "MNE"]
[BlackTeamCountry "LUX"]

1. e4 e5 2. Nf3 Nf6 3. Nxe5 Nc6 4. Nf3 d5 5. exd5 Nxd5 6. Nc3 Be6 7. Be2 Bc5 8. 0-0 0-0 9. d3 h6 10. Nxd5 Bxd5 11. Be3 Bd6 12. Qd2 Ne5 13. Nxe5 Bxe5 14. d4 Bd6 15. c4 Bb4 16. Qxb4 a5 17. Qd2 Be4 18. Bd3 Bxd3 19. Qxd3 f5 20. g3 Rf7 21. d5 Qf6 22. Bd4 Qg6 23. Rae1 Qg4 24. Re6 b6 25. Qe2 Qg5 26. Re8+ Rf8 27. Rxa8 Rxa8 28. Qe6+ Kh7 29. Re1 f4 30. Qe7 fxg3 31. Qxg5 gxh2+ 32. Kxh2 hxg5 33. Re7 Rg8 34. Rxc7 Kg6 35. d6 Rh8+ 36. Kg3 Rh4 37. Rxg7+ Kh6 38. Be5 Rxc4 39. d7 Rc5 40. d8Q Rc3+ 41. bxc3 Kh5 42. Qxg5# 1-0

[Event "EU-ch Online U14"]
[Site "Tornelo INT"]
[Date "2020.09.18"]
[Round "1"]
[White "Ortiz Bogdanov, Pablo"]
[Black "Lerch, Johannes"]
[Result "0-1"]
[WhiteElo "1023"]
[BlackElo "1755"]
[PlyCount "45"]
[EventDate "2020.09.18"]
[EventType "swiss (rapid)"]
[EventRounds "9"]
[EventCountry "ENG"]
[SourceTitle "EXT 2023"]
[Source "ChessBase"]
[SourceDate "2022.10.05"]
[SourceVersion "1"]
[SourceVersionDate "2022.10.05"]
[SourceQuality "1"]
[WhiteTeam "Luxembourg"]
[BlackTeam "Austria"]
[WhiteTeamCountry "LUX"]
[BlackTeamCountry "AUT"]

1. e4 e5 2. Nf3 Nc6 3. Bc4 Bc5 4. b4 Bxb4 5. c3 Ba5 6. d4 d6 7. dxe5 dxe5 8. Qb3 Be6 9. Bxe6 fxe6 10. Qxe6+ Qe7 11. Qb3 Bb6 12. Ba3 Qf7 13. Qb5 a6 14. Qe2 Nge7 15. 0-0 0-0 16. Ng5 Qf6 17. Bxe7 Qxe7 18. Qh5 h6 19. Nf3 Rad8 20. Nbd2 Qe6 21. Rad1 Qxa2 22. Qg4 Qf7 23. Qg3 0-1